|
|
|
|
| LEADER |
00840nta a2200205 i 4500 |
| 001 |
dipl67818 |
| 005 |
20211118154618.0 |
| 008 |
170526s2016 hu om 0|| hun d |
| 040 |
|
|
|a SZTE Diploma Repozitórium
|b hun
|
| 041 |
|
|
|a hun
|
| 100 |
2 |
|
|a Szunyogné Bálint Mária
|
| 245 |
1 |
2 |
|a A kiemelt figyelmet igénylő gyermekek az óvodai szervezet tükrében
|h [elektronikus dokumentum] /
|c Mária Szunyogné Bálint
|
| 246 |
1 |
0 |
|a Children in need of special attention in the light of pre-school education
|h [elektronikus dokumentum]
|
| 260 |
|
|
|c 2016
|
| 650 |
|
4 |
|a Pedagógusképzés
|
| 650 |
|
4 |
|a Social sciences
|
| 650 |
|
4 |
|a Psychology
|
| 650 |
|
4 |
|a Psychology (including human-machine relations)
|
| 700 |
1 |
|
|a Mészáros Katalin
|e ths
|
| 856 |
4 |
0 |
|u http://diploma.bibl.u-szeged.hu/id/eprint/67818/1/2016_szunyogne_balint_maria.pdf
|z Dokumentum-elérés
|